000
00255nam a2200097Ia 4500
001
1204495
005
20250827022729.0
008
250824s9999 xx 000 0 und d
245
0
_a
ŞAKACI HORTLAK İŞ BAŞINDA
_c
MELEK GÜNGÖR
260
_b
ALTIN KİTAPLAR
999
_c
1204495
_d
1204495